|
|
|
|
| LEADER |
00000nab a2200000 a 4500 |
| 001 |
vtls011109080 |
| 003 |
SK-MaSNL |
| 005 |
20260303150408.0 |
| 008 |
230222|1998 xo |||||||||||||||||slo| |
| 015 |
|
|
|a SNBRB
|
| 035 |
|
|
|a (uuid)860e8694-a250-4967-8fd2-46f2bd6c6fc9
|
| 035 |
|
|
|a (urnnbn)urn:nbn:sk:snk:ar-a08czi
|
| 035 |
|
|
|a urn:nbn:sk:snk-ab9fue
|
| 040 |
|
|
|a SNKBUCL
|b slo
|c SNKBUCL
|e AACR2
|
| 041 |
0 |
|
|a slo
|
| 044 |
|
|
|a xo
|c SK
|
| 100 |
1 |
|
|a Hurajt, Ľubomír
|4 aut
|9 270583
|
| 245 |
1 |
0 |
|a ROZBOR PROBLEMATIKY VECNÉHO BREMENA - ZÁVER :
|b VECNÉ BREMENO ZRIADENÉ ZA ODPLATU - ZÁSADY OCENENIA VECNÉHO BREMENA
|c Ľubomír Hurajt
|
| 773 |
0 |
|
|t Znalectvo v odboroch Stavebníctvo a Podnikové hospodárstvo
|g Roč. 3, č. 4 (1998), s. 21-22
|
| 954 |
|
|
|a odborná, vedecká literatúra pôvodná (slovenská)
|2 lita
|
| 958 |
|
|
|a OND
|
| 958 |
|
|
|a EUIPO
|
| 958 |
|
|
|a article13
|
| 999 |
|
|
|c 2010321
|d 2012251
|